000 00227nam a22000857a 4500
008 170614b xxu||||| |||| 00| 0 eng d
100 _93401
_aKarthikeyan. R
245 _aChemistry Lab Manual - XII
260 _aNew Delhi
_bG. B. P
_c2009
999 _c6763
_d6763